Central Library OPAC University of Rajshahi

The Oxford book of ballads / (Record no. 18889)

MARC details
000 -LEADER
fixed length control field 00726nam a2200241 a 4500
001 - CONTROL NUMBER
control field 18889
003 - CONTROL NUMBER IDENTIFIER
rucl marc code BD-RjUL
005 - DATE AND TIME OF LATEST TRANSACTION
control field 20211209000342.0
008 - FIXED-LENGTH DATA ELEMENTS--GENERAL INFORMATION
fixed length control field 140223r19631910enk 001 0 eng d
035 ## - SYSTEM CONTROL NUMBER
System control number (BD-RjUL)18947
040 ## - CATALOGING SOURCE
Original cataloging agency BD-RjUL
Language of cataloging eng
Transcribing agency BD-RjUL
Modifying agency BD-RjUL
041 ## - LANGUAGE CODE
Language code of text/sound track or separate title eng
082 ## - DEWEY DECIMAL CLASSIFICATION NUMBER
Edition number 23
Classification number 821.08
Author mark and year OXF 1963
245 04 - TITLE STATEMENT
Title The Oxford book of ballads /
Statement of responsibility, etc. chosen and edited by James Kinsley.
260 ## - PUBLICATION, DISTRIBUTION, ETC. (IMPRINT)
Place of publication, distribution, etc. Oxford :
Name of publisher, distributor, etc. Oxford University Press,
Date of publication, distribution, etc. 1910 [Reprinted 1951,1963].
300 ## - PHYSICAL DESCRIPTION
Pagination xxiii, 871 p. ;
Size 20 cm.
500 ## - GENERAL NOTE
General note First issued as an OUP paperback 1982.
504 ## - BIBLIOGRAPHY, ETC. NOTE
Bibliography, etc Includes index.
650 #0 - SUBJECT ADDED ENTRY--TOPICAL TERM
Topical term or geographic name as entry element Ballads, English.
9 (RLIN) 58258
700 1# - ADDED ENTRY--PERSONAL NAME
Personal name Kinsley, James.
942 ## - ADDED ENTRY ELEMENTS (KOHA)
Source of classification or shelving scheme Dewey Decimal Classification
Koha item type Books
Holdings
Lost status Source of classification or shelving scheme Damaged status Not for loan Collection code Permanent Location Current Location Shelving location Date acquired Source of acquisition Cost, normal purchase price Total Checkouts Full call number Date last seen Copy number Koha item type
  Dewey Decimal Classification     Non-fiction Central Library, University of Rajshahi Central Library, University of Rajshahi   28/06/1968 Sweets & Zeitlinger 28.00   821.08 OXF 1963 22/02/2014 C-2 Books
  Dewey Decimal Classification   Not For Loan Non-fiction Central Library, University of Rajshahi Central Library, University of Rajshahi Reading Room 21/02/1955 O.U.P. 8.70   821.08 OXF 1951 14/01/2020 C-1 Books